000 00523nam a2200205Ia 4500
005 20240216110232.0
008 131103s9999 xx 000 0 und d
020 _a8170334128
_c750.00
040 _aLoreto College
041 _aEnglish
082 _a361.10954
_bAHU
100 _aAhuja,Ram
245 _aSocial problems in India
_cRam Ahuja
260 _aJaipur
_bRawat Publications
_c2009
300 _axii,508p
504 _aIncludes index
650 _aSocial problems - India
850 _aLCLIB
942 _cBK
999 _c36272
_d86751